| 000 | 00783nam a2200205 i 4500 | ||
|---|---|---|---|
| 001 | 65047 | ||
| 003 | ES-MaACL | ||
| 005 | 20251009181318.0 | ||
| 007 | t| | ||
| 008 | 040108s1963 sp ||||1| spa d | ||
| 100 | 1 |
_aFrankl, Viktor Emil. _952333 |
|
| 245 | 1 | 3 |
_aEl "Antijovio" de Gonzalo Jiménez de Quesada y las concepciones de realidad y verdad en la época de la Contrarreforma y del Manierismo / _cViktor Frankl ; prólogo del profesor José Antonio Maravall. |
| 260 |
_aMadrid : _bCultura Hispánica, _c1963. |
||
| 300 |
_a768 p. ; _c25 cm. |
||
| 600 | 1 | 4 |
_aJiménez de Quesada, Gonzalo. _9152425 |
| 651 | 4 |
_aEspaña- _xCivilización- _y1516-1700. _9160761 |
|
| 700 | 1 |
_aMaravall, José Antonio, _d1911-1986 _976329 |
|
| 852 |
_aES-MaACL _jC-25930 |
||
| 999 |
_c65047 _d65047 |
||